| 000 | 00415nam a2200121Ia 4500 | ||
|---|---|---|---|
| 008 | 171212s9999 xx 000 0 und d | ||
| 020 | _a9780833051240 | ||
| 100 | _aMaestas, Nicole;Gaillot, Sarah J. | ||
| 245 |
_cMaestas, Nicole;Gaillot, Sarah J. _aAn Outcome Evaluation of the Success for Kids Program |
||
| 260 |
_bRAND Corporation _c2010 |
||
| 650 | _aEducation | ||
| 856 | _uwww.jstor.org/stable/10.7249/tr5751sfk | ||
| 999 |
_c351731 _d351731 |
||